[Event "4NCL Online Division 2"]
[Site "online"]
[Date "2020.09.22"]
[Round "3.41"]
[White "Pert, Richard G"]
[Black "Willmott, Neil D"]
[Result "1-0"]
[WhiteElo "2515"]
[BlackElo "1930"]
[PlyCount "121"]
[EventDate "2020.09.22"]
[WhiteTeam "Brentwood A"]
[BlackTeam "St Albans 1"]

1. d4 d5 2. c4 c6 3. Nc3 Nf6 4. Nf3 Bf5 5. g3 e6 6. Bg2 h6 7. O-O Nbd7 8. Nd2
Be7 9. e4 dxe4 10. Ndxe4 O-O 11. Nxf6+ Nxf6 12. Be3 Qc7 13. Rc1 Rfd8 14. Qe2
Rd7 15. h3 Rc8 16. Rfd1 c5 17. d5 e5 18. g4 Bg6 19. h4 Re8 20. g5 hxg5 21. hxg5
Nh7 22. Qg4 a6 23. Be4 Nf8 24. Kg2 Rd6 25. Rh1 Bxe4+ 26. Nxe4 Rg6 27. Rcd1 Qd7
28. Qh5 f5 29. d6 fxe4 30. dxe7 Qxe7 31. Rd5 b6 32. Kf1 Rd8 33. Qh8+ Kf7 34.
Qh4 Ne6 35. Qxe4 Rxd5 36. Qxd5 Qd8 37. Qf3+ Kg8 38. Qf5 Nf8 39. Ke2 Re6 40. Rd1
Rd6 41. Rxd6 Qxd6 42. Qe4 g6 43. Qb7 a5 44. Qc8 Kg7 45. Qb7+ Kg8 46. a4 Ne6 47.
Qa8+ Kg7 48. Qb7+ Kg8 49. Qd5 Qxd5 50. cxd5 Nd8 51. Kd3 Kf8 52. Kc4 Ke7 53. Kb5
Kd6 54. Kxb6 c4 55. Kxa5 Kxd5 56. Kb5 Nc6 57. a5 Nd4+ 58. Kb6 Nc6 59. a6 Nb4
60. a7 Nd3 61. a8=Q+ 1-0

[Event "4NCL Online Division 2"]
[Site "online"]
[Date "2020.09.22"]
[Round "3.42"]
[White "Ellis, Aidan B"]
[Black "White, Russell P"]
[Result "1/2-1/2"]
[WhiteElo "1960"]
[BlackElo "2185"]
[PlyCount "118"]
[EventDate "2020.09.22"]
[WhiteTeam "St Albans 1"]
[BlackTeam "Brentwood A"]

1. e4 e5 2. Nf3 Nc6 3. c3 d5 4. Qa4 dxe4 5. Nxe5 Bd7 6. Nxd7 Qxd7 7. Qxe4+ Nge7
8. Bc4 g6 9. O-O Bg7 10. d4 O-O 11. Bf4 Rae8 12. Qf3 Na5 13. Bd3 Nd5 14. Bd2 b5
15. Na3 c6 16. Rfe1 a6 17. b4 Nb7 18. Nc2 Nd6 19. a4 Rxe1+ 20. Rxe1 Nb6 21. a5
Nbc4 22. Bc1 Re8 23. Rxe8+ Qxe8 24. Kf1 Qd7 25. Ne3 Nxe3+ 26. Bxe3 h5 27. h3
Nc8 28. Bg5 Qe6 29. Qe2 Qb3 30. Qc2 Qd5 31. Bf4 Ne7 32. f3 Bf6 33. Kf2 g5 34.
Bc1 h4 35. Qe2 Qd6 36. Qe4 Qg3+ 37. Kf1 Kf8 38. Bd2 Nd5 39. c4 Ne7 40. cxb5
cxb5 41. Be3 Qd6 42. d5 Qxd5 43. Bc5 Qb3 44. Bc2 Qc3 45. Qd3 Qa1+ 46. Kf2 Qb2
47. Kf1 Ke8 48. Bb3 Qc1+ 49. Kf2 Qb2+ 50. Kf1 Bc3 51. Qd1 Be5 52. Qd3 Qc1+ 53.
Ke2 Qh1 54. Qe4 Qxg2+ 55. Kd1 Qh1+ 56. Kc2 Qh2+ 57. Kd1 Qh1+ 58. Kc2 Qh2+ 59.
Kd1 Qh1+ 1/2-1/2

[Event "4NCL Online Division 2"]
[Site "online"]
[Date "2020.09.22"]
[Round "3.43"]
[White "Coote, Trevor D"]
[Black "Gemmell, John"]
[Result "1-0"]
[WhiteElo "2044"]
[BlackElo "1922"]
[PlyCount "37"]
[EventDate "2020.09.22"]
[WhiteTeam "Brentwood A"]
[BlackTeam "St Albans 1"]

1. d4 Nf6 2. Nc3 d5 3. e4 dxe4 4. f3 exf3 5. Nxf3 c6 6. Bc4 Bf5 7. Ne5 e6 8.
O-O Bxc2 9. Qxc2 Qxd4+ 10. Kh1 Qxe5 11. Bf4 Qc5 12. Qb3 Qb4 13. Bxe6 Qxb3 14.
Bxb3 Bc5 15. Rae1+ Kf8 16. Ne4 Nxe4 17. Rxe4 Nd7 18. Bd6+ Kg8 19. Bxf7# 1-0

[Event "4NCL Online Division 2"]
[Site "online"]
[Date "2020.09.22"]
[Round "3.44"]
[White "Sommerbauer-Cornell, Ben"]
[Black "Slade, Robin"]
[Result "1-0"]
[WhiteElo "1915"]
[BlackElo "2012"]
[PlyCount "83"]
[EventDate "2020.09.22"]
[WhiteTeam "St Albans 1"]
[BlackTeam "Brentwood A"]

1. d4 f5 2. c4 e6 3. g3 Nf6 4. Bg2 Be7 5. Nc3 O-O 6. Qc2 d6 7. Bg5 Nc6 8. e3 h6
9. Bxf6 Bxf6 10. Nge2 Qe8 11. O-O Ne7 12. b4 c6 13. Rab1 e5 14. d5 Bd7 15. Rfd1
Rd8 16. Qb3 cxd5 17. c5 dxc5 18. bxc5 Bc6 19. Nxd5 Kh8 20. Nxf6 Rxf6 21. Rxd8
Qxd8 22. Bxc6 Rxc6 23. Rd1 Qc7 24. Qf7 Rf6 25. Qe8+ Kh7 26. Rd7 Qxc5 27. Qxe7
Qxe7 28. Rxe7 Ra6 29. Rxb7 Rxa2 30. Nc3 Rc2 31. Nd5 a5 32. Ra7 Rc5 33. Nf6+ Kg6
34. Ne8 h5 35. Rxg7+ Kh6 36. Ra7 h4 37. Kg2 Kg5 38. Ng7 Rc2 39. Rxa5 h3+ 40.
Kxh3 Rxf2 41. Rxe5 Kf6 42. Rxf5+ 1-0

[Event "4NCL Online Division 2"]
[Site "online"]
[Date "2020.09.22"]
[Round "3.51"]
[White "Crowther, Mark D"]
[Black "Thompson, Robert"]
[Result "0-1"]
[WhiteElo "2117"]
[BlackElo "1985"]
[PlyCount "58"]
[EventDate "2020.09.22"]
[WhiteTeam "Bradford DCA Knights A"]
[BlackTeam "Downend 1"]

1. e4 d6 2. d4 Nf6 3. Nc3 e5 4. Nf3 exd4 5. Nxd4 Be7 6. g3 O-O 7. Bg2 Re8 8.
O-O Bf8 9. h3 c6 10. g4 h6 11. g5 hxg5 12. Bxg5 Nbd7 13. Nf5 Qc7 14. Kh1 Nh7
15. Be3 Ne5 16. Ng3 Ng6 17. Rg1 b5 18. a3 a5 19. Bf1 Bb7 20. Kh2 Rad8 21. Bd3
b4 22. axb4 axb4 23. Nce2 c5 24. b3 Ne5 25. Nf4 Nf6 26. Nfh5 Nxh5 27. Nxh5 Ng6
28. Ra7 d5+ 29. Kh1 dxe4 0-1

[Event "4NCL Online Division 2"]
[Site "online"]
[Date "2020.09.22"]
[Round "3.52"]
[White "Meadows, Michael"]
[Black "Bak, Andrew"]
[Result "1-0"]
[WhiteElo "2035"]
[BlackElo "1969"]
[PlyCount "90"]
[EventDate "2020.09.22"]
[WhiteTeam "Downend 1"]
[BlackTeam "Bradford DCA Knights A"]

1. e4 c5 2. Nf3 Nc6 3. d4 cxd4 4. Nxd4 Nf6 5. Nc3 e5 6. Ndb5 d6 7. Bg5 a6 8.
Na3 b5 9. Bxf6 gxf6 10. Nd5 f5 11. c3 Bg7 12. exf5 Bxf5 13. Nc2 O-O 14. Nce3
Be6 15. Qh5 f5 16. Bd3 e4 17. Bc2 b4 18. Nf4 Bf7 19. Qxf5 bxc3 20. Bxe4 Qh4 21.
g3 cxb2 22. Rb1 Bxa2 23. gxh4 Rxf5 24. Bxf5 Bxb1 25. Bxb1 a5 26. Nf5 Bc3+ 27.
Kd1 Nb4 28. Rg1+ Kf8 29. Ne6+ Kf7 30. Ng5+ Kf6 31. Ne4+ Kxf5 32. Nxc3+ Ke5 33.
Na4 Rc8 34. Nxb2 Nd5 35. Kd2 Rf8 36. Nd3+ Kf6 37. Rg5 Rb8 38. Bc2 Ne7 39. Rxa5
Nf5 40. h5 Nd4 41. Bd1 Rg8 42. Rd5 Nf5 43. h3 Rg2 44. Bg4 Ng7 45. Rxd6+ Kg5 1-0

[Event "4NCL Online Division 2"]
[Site "online"]
[Date "2020.09.22"]
[Round "3.53"]
[White "Ther, Mate"]
[Black "Young, Daniel J"]
[Result "0-1"]
[WhiteElo "1964"]
[BlackElo "2005"]
[PlyCount "86"]
[EventDate "2020.09.22"]
[WhiteTeam "Bradford DCA Knights A"]
[BlackTeam "Downend 1"]

1. e4 c5 2. Nf3 d6 3. d4 cxd4 4. Nxd4 Nf6 5. f3 e5 6. Nb5 a6 7. N5a3 d5 8. exd5
Qxd5 9. Qxd5 Nxd5 10. Bc4 Be6 11. c3 Bc5 12. b4 Ba7 13. Bxd5 Bxd5 14. Bd2 b5
15. Nc2 O-O 16. Ne3 Be6 17. O-O Rd8 18. Kf2 f5 19. Ke1 f4 20. Ng4 Nd7 21. Na3
h5 22. Nf2 Nf6 23. Ke2 Rac8 24. Nd3 Bf5 25. Nb2 g5 26. Rad1 e4 27. Be1 exf3+
28. gxf3 Re8+ 29. Kd2 Be3+ 30. Ke2 Bc1+ 31. Kf2 Bxb2 32. Rd6 Kg7 33. Rxa6 Bxc3
34. Bxc3 Rxc3 35. Nxb5 Rc2+ 36. Kg1 Bd3 37. Rd1 Bxb5 38. Ra7+ Kg6 39. a4 Be2
40. Rd6 Bxf3 41. Kf1 Ree2 42. Raa6 Rc1+ 43. Rd1 Rxd1# 0-1

[Event "4NCL Online Division 2"]
[Site "online"]
[Date "2020.09.22"]
[Round "3.54"]
[White "Conterno, Dominique"]
[Black "Johnson, Paul A"]
[Result "1-0"]
[WhiteElo "1885"]
[BlackElo "1812"]
[PlyCount "55"]
[EventDate "2020.09.22"]
[WhiteTeam "Downend 1"]
[BlackTeam "Bradford DCA Knights A"]

1. e4 e5 2. Nf3 Nc6 3. d4 exd4 4. Nxd4 Nf6 5. Nc3 Bb4 6. Nxc6 bxc6 7. Bd3 d5 8.
exd5 cxd5 9. O-O O-O 10. Bg5 Be7 11. Re1 Be6 12. Qf3 c6 13. h3 Rb8 14. b3 Qd7
15. Rad1 Rfd8 16. Ne2 h6 17. Bf4 Rb6 18. Be5 Qc8 19. Nf4 c5 20. Nxe6 fxe6 21.
Qg3 Rf8 22. c4 d4 23. Re4 Bd8 24. Rh4 h5 25. Qg6 Qb7 26. Bxf6 Bxf6 27. Rxh5 Rd8
28. Rh8+ 1-0

[Event "4NCL Online Division 2"]
[Site "online"]
[Date "2020.09.22"]
[Round "3.61"]
[White "Talsma, Paul A"]
[Black "Staniforth, Matthew"]
[Result "1-0"]
[WhiteElo "2139"]
[BlackElo "1934"]
[PlyCount "65"]
[EventDate "2020.09.22"]
[WhiteTeam "Anglia Avengers 2"]
[BlackTeam "West is Best B"]

1. d4 d5 2. c4 e6 3. Nc3 c5 4. cxd5 cxd4 5. Qa4+ Bd7 6. Qxd4 exd5 7. Qxd5 Nc6
8. Nf3 Nf6 9. Qd1 Bc5 10. e3 Qe7 11. Be2 O-O-O 12. O-O g5 13. Nd4 g4 14. b4 Bb6
15. Bb2 Kb8 16. Na4 Bc7 17. b5 Ne5 18. Qb3 b6 19. Rac1 Rhg8 20. Rxc7 Kxc7 21.
Rc1+ Kb7 22. Nc6 Bxc6 23. bxc6+ Kc7 24. Nc3 Nxc6 25. Qa4 Kb7 26. Ba6+ Kb8 27.
Qxc6 Rd6 28. Qc4 Rgd8 29. Nd5 Qd7 30. Be5 Nxd5 31. Bxd6+ Ka8 32. Qxd5+ Qc6 33.
Qxc6# 1-0

[Event "4NCL Online Division 2"]
[Site "online"]
[Date "2020.09.22"]
[Round "3.62"]
[White "Taylor, William J"]
[Black "Moore, Geoffrey R"]
[Result "1/2-1/2"]
[WhiteElo "1959"]
[BlackElo "2057"]
[PlyCount "210"]
[EventDate "2020.09.22"]
[WhiteTeam "West is Best B"]
[BlackTeam "Anglia Avengers 2"]

1. e4 e5 2. Nf3 Nc6 3. Bc4 Nf6 4. d3 Be7 5. O-O O-O 6. Re1 d6 7. a4 Na5 8. Ba2
c5 9. c3 Nc6 10. Na3 h6 11. Bd2 Re8 12. b4 Bf8 13. b5 Nb8 14. Nc4 g6 15. Qc1
Kh7 16. Ne3 Be6 17. Bxe6 Rxe6 18. a5 Bg7 19. h3 Re8 20. Qb2 Qd7 21. Nh2 Nh5 22.
Nd5 Nf6 23. Nxf6+ Bxf6 24. Ng4 Bg7 25. Ne3 Qc8 26. Qb3 Qe6 27. Nd5 Nd7 28. Qc2
Rec8 29. b6 axb6 30. axb6 Rxa1 31. Rxa1 Qe8 32. Ra7 Rb8 33. Qa4 Qd8 34. Qb3 Kg8
35. f4 exf4 36. Bxf4 Ne5 37. Qc2 Kh7 38. Qd2 Nc6 39. Ra1 Nb4 40. Rb1 Nxd5 41.
exd5 Qf6 42. Rf1 Qd8 43. Qe3 Bxc3 44. Qg3 Bd4+ 45. Kh1 Qf6 46. Rf3 Rd8 47. Bxh6
Qe5 48. Qh4 Qh5 49. Qxd8 Kxh6 50. Qf8+ Bg7 51. Qxd6 Qg5 52. h4 Qc1+ 53. Kh2 Qe1
54. Qf4+ Kh7 55. Qxf7 Qe5+ 56. Kh1 Qe1+ 57. Kh2 Kh8 58. Qxg6 Be5+ 59. g3 Qe2+
60. Kh3 Qxf3 61. Qe8+ Kh7 62. Qxe5 Qxd3 63. d6 c4 64. Qe7+ Kg6 65. Qe8+ Kg7 66.
Qe7+ Kg6 67. Qg5+ Kf7 68. Qh5+ Ke6 69. Qh6+ Kd7 70. Qf6 Qxd6 71. Qf7+ Kc6 72.
Qxc4+ Kxb6 73. h5 Qd1 74. Qe6+ Ka5 75. Kh4 b5 76. h6 b4 77. Qf5+ Ka4 78. Kg5
Qd2+ 79. Kg6 Qd6+ 80. Qf6 Qxg3+ 81. Kf7 Qc7+ 82. Kg8 Qg3+ 83. Qg7 Qb8+ 84. Qf8
Qg3+ 85. Kf7 Qf4+ 86. Kg7 Qg5+ 87. Kh7 b3 88. Qa8+ Kb4 89. Qb7+ Ka3 90. Qa6+
Kb2 91. Kh8 Kc1 92. Qc4+ Kb2 93. Qd4+ Ka2 94. Qa4+ Kb2 95. Qa6 Kb1 96. Qd3+ Ka2
97. Qa6+ Kb1 98. h7 b2 99. Qd3+ Kc1 100. Qc3+ Kb1 101. Qg7 Qd8+ 102. Qg8 Qf6+
103. Qg7 Qd8+ 104. Qg8 Qf6+ 105. Qg7 Qd8+ 1/2-1/2

[Event "4NCL Online Division 2"]
[Site "online"]
[Date "2020.09.22"]
[Round "3.63"]
[White "Jermy, Jaden"]
[Black "Pinto, Celso Bettencourt"]
[Result "0-1"]
[WhiteElo "2057"]
[BlackElo "1813"]
[PlyCount "64"]
[EventDate "2020.09.22"]
[WhiteTeam "Anglia Avengers 2"]
[BlackTeam "West is Best B"]

1. d4 d5 2. Bf4 e6 3. e3 f5 4. c4 c6 5. Bd3 Nf6 6. Nf3 Be7 7. O-O O-O 8. Nbd2
Ne4 9. Bxb8 Rxb8 10. Ne5 Bd7 11. f3 Nd6 12. e4 Be8 13. cxd5 Qb6 14. Nb3 fxe4
15. fxe4 Rxf1+ 16. Qxf1 cxd5 17. exd5 Bf6 18. Qf4 exd5 19. Rf1 Bb5 20. Bxb5
Qxb5 21. Qg4 Bxe5 22. dxe5 Qb6+ 23. Kh1 Ne4 24. Qf3 h6 25. h3 Qe6 26. Qf4 Re8
27. Nd4 Qxe5 28. Qf7+ Kh7 29. Nf5 d4 30. Qxb7 Rf8 31. g4 Rb8 32. Qe7 Ng3+ 0-1

[Event "4NCL Online Division 2"]
[Site "online"]
[Date "2020.09.22"]
[Round "3.64"]
[White "Hurley, Jake"]
[Black "Hampton, Christopher"]
[Result "0-1"]
[WhiteElo "1780"]
[BlackElo "1978"]
[PlyCount "106"]
[EventDate "2020.09.22"]
[WhiteTeam "West is Best B"]
[BlackTeam "Anglia Avengers 2"]

1. e4 e6 2. b3 b6 3. Bb2 Bb7 4. Nc3 c5 5. Qe2 Nc6 6. Nf3 Be7 7. Nd5 Nf6 8. Nxe7
Qxe7 9. O-O-O e5 10. Kb1 O-O 11. g4 Nd4 12. Nxd4 cxd4 13. d3 d5 14. g5 Nd7 15.
Bg2 dxe4 16. Bxe4 Bxe4 17. Qxe4 Qxg5 18. Rdg1 Qf6 19. Qg4 Nc5 20. f4 exf4 21.
Rf1 Ne6 22. h4 Rfd8 23. Bc1 Rd5 24. Qf3 Rad8 25. h5 h6 26. Rhg1 Rg5 27. Qc6
Rxg1 28. Rxg1 Qe5 29. Bd2 Qxh5 30. Bxf4 Nxf4 31. Qf6 Ne6 32. Rxg7+ Nxg7 33.
Qxd8+ Kh7 34. Qxd4 Qc5 35. Qe4+ f5 36. Qb7 a5 37. Kb2 f4 38. Qe4+ Qf5 39. Qf3
Qe5+ 40. Kc1 Qe3+ 41. Qxe3 fxe3 42. d4 Kg6 43. c4 Kf7 44. a3 h5 45. b4 axb4 46.
axb4 h4 47. c5 bxc5 48. b5 Ne6 49. b6 Nxd4 50. b7 Nc6 51. Kd1 h3 52. Ke2 h2 53.
b8=N Nxb8 0-1

[Event "4NCL Online Division 2"]
[Site "online"]
[Date "2020.09.22"]
[Round "3.71"]
[White "Burrows, Martin P"]
[Black "Carmichael, Ned"]
[Result "1-0"]
[WhiteElo "2125"]
[BlackElo "1832"]
[PlyCount "43"]
[EventDate "2020.09.22"]
[WhiteTeam "Wigston 1"]
[BlackTeam "Hull & Beverley Romans 2"]

1. e4 Nf6 2. e5 Nd5 3. d4 d6 4. c4 Nb6 5. exd6 exd6 6. Nc3 Nc6 7. h3 Be7 8. Nf3
O-O 9. Be3 Bf5 10. d5 Ne5 11. Nd4 Bg6 12. b3 Bg5 13. f4 Bh4+ 14. Kd2 Ned7 15.
f5 Bg5 16. fxg6 Bxe3+ 17. Kxe3 Qg5+ 18. Kf2 fxg6+ 19. Nf3 Rae8 20. Qc1 Qh4+ 21.
Kg1 Qg3 22. Ne2 1-0

[Event "4NCL Online Division 2"]
[Site "online"]
[Date "2020.09.22"]
[Round "3.72"]
[White "Crow, Stephen"]
[Black "Morley, Andrew J"]
[Result "1-0"]
[WhiteElo "1802"]
[BlackElo "2057"]
[PlyCount "67"]
[EventDate "2020.09.22"]
[WhiteTeam "Hull & Beverley Romans 2"]
[BlackTeam "Wigston 1"]

1. f4 e5 2. fxe5 d6 3. exd6 Bxd6 4. Nf3 g5 5. g3 g4 6. Nh4 Be7 7. Ng2 h5 8. d4
Nc6 9. c3 h4 10. Rg1 hxg3 11. hxg3 Nf6 12. Qd3 Qd5 13. Nf4 Qg5 14. e4 Bd7 15.
Be3 Qg7 16. Nd2 O-O-O 17. O-O-O Nh5 18. Be2 Bf6 19. Kb1 Nxf4 20. Bxf4 Bg5 21.
Qe3 Bxf4 22. gxf4 f5 23. d5 Nb8 24. e5 Be8 25. Nf3 Rh3 26. Qxa7 Qh6 27. Ng5 Rh2
28. Bd3 Bg6 29. Bc4 Qh4 30. d6 Qf2 31. Be6+ Rd7 32. Bxd7+ Nxd7 33. Qa8+ Nb8 34.
d7+ 1-0

[Event "4NCL Online Division 2"]
[Site "online"]
[Date "2020.09.22"]
[Round "3.73"]
[White "Horspool, Philip J"]
[Black "Farley, Zak"]
[Result "0-1"]
[WhiteElo "2065"]
[BlackElo "1765"]
[PlyCount "120"]
[EventDate "2020.09.22"]
[WhiteTeam "Wigston 1"]
[BlackTeam "Hull & Beverley Romans 2"]

1. e4 c5 2. Nc3 Nc6 3. Bb5 d6 4. Bxc6+ bxc6 5. d3 Nf6 6. f4 e6 7. Nf3 Be7 8.
O-O O-O 9. Qe1 d5 10. Kh1 Kh8 11. Ne5 Qc7 12. Bd2 Bd6 13. Qh4 Be7 14. Qe1 Bd6
15. Rf3 c4 16. dxc4 d4 17. Na4 Bxe5 18. fxe5 Qxe5 19. Bb4 Re8 20. Nc5 a5 21.
Ba3 Ba6 22. b3 Ra7 23. Rd1 Ng4 24. Qg1 Ne3 25. Rxe3 dxe3 26. Qxe3 Raa8 27. Nd3
Qc7 28. Bc5 a4 29. Bb6 Qe7 30. Bc5 Qf6 31. Bd4 e5 32. Bc3 axb3 33. axb3 Bc8 34.
Qc5 Bg4 35. Re1 Ra2 36. Bxe5 Qg5 37. Qf2 Rxe5 38. Qxf7 Be6 39. Qf8+ Bg8 40.
Nxe5 Qxe5 41. Qf2 Ra1 42. h3 Qc3 43. Rxa1 Qxa1+ 44. Qg1 Qe5 45. Qe3 h6 46. Kg1
Bh7 47. c3 Bxe4 48. Qd4 Qxd4+ 49. cxd4 Bc2 50. b4 Bb3 51. b5 cxb5 52. cxb5 Kg8
53. Kf2 Kf7 54. Ke3 Ke6 55. b6 Bd5 56. g3 g5 57. h4 Kf5 58. hxg5 Kxg5 59. Kf2
Kg4 60. Ke3 Kxg3 0-1

[Event "4NCL Online Division 2"]
[Site "online"]
[Date "2020.09.22"]
[Round "3.74"]
[White "Greep, Stephen"]
[Black "Turner, Lewis A"]
[Result "0-1"]
[WhiteElo "1697"]
[BlackElo "1862"]
[PlyCount "74"]
[EventDate "2020.09.22"]
[WhiteTeam "Hull & Beverley Romans 2"]
[BlackTeam "Wigston 1"]

1. e4 c5 2. Nf3 d6 3. c3 Nf6 4. e5 dxe5 5. Nxe5 a6 6. d4 e6 7. Be3 Qc7 8. Nd2
Be7 9. Ndf3 O-O 10. Be2 Nc6 11. Nxc6 Qxc6 12. Ne5 Qc7 13. O-O Rd8 14. Qc2 cxd4
15. Nxf7 Kxf7 16. Bd2 d3 17. Bxd3 Qd6 18. Bxh7 Nxh7 19. Qxh7 Qxd2 20. Qh5+ Kg8
21. Rad1 Qf4 22. Rxd8+ Bxd8 23. Qe8+ Qf8 24. Qg6 Qf7 25. Qd3 Bd7 26. Rd1 Bc6
27. Re1 Bb6 28. Qg3 Rf8 29. Re2 Bb5 30. Rd2 Bc7 31. Qh3 Qf5 32. Qxf5 exf5 33.
Rd1 Rd8 34. Rc1 Rd2 35. c4 Bc6 36. g3 Rxb2 37. Ra1 Bb6 0-1

[Event "4NCL Online Division 2"]
[Site "online"]
[Date "2020.09.22"]
[Round "3.81"]
[White "Frostick, Clive A"]
[Black "Keane, Graham D J"]
[Result "1/2-1/2"]
[WhiteElo "2108"]
[BlackElo "2161"]
[PlyCount "36"]
[EventDate "2020.09.22"]
[WhiteTeam "CSC 1"]
[BlackTeam "Streatham A"]

1. e4 d6 2. d4 Nf6 3. Nc3 g6 4. Be3 Bg7 5. h3 c6 6. f4 Nbd7 7. Nf3 O-O 8. e5
Nd5 9. Nxd5 cxd5 10. Bd3 dxe5 11. fxe5 f6 12. exf6 Nxf6 13. O-O Bf5 14. c3 e6
15. Qd2 Qb6 16. Ne5 Bxd3 17. Qxd3 Ne4 18. Rxf8+ Rxf8 1/2-1/2

[Event "4NCL Online Division 2"]
[Site "online"]
[Date "2020.09.22"]
[Round "3.82"]
[White "Hodgson, John H"]
[Black "Finn, Peter"]
[Result "1-0"]
[WhiteElo "2072"]
[BlackElo "2125"]
[PlyCount "97"]
[EventDate "2020.09.22"]
[WhiteTeam "Streatham A"]
[BlackTeam "CSC 1"]

1. e4 c6 2. d4 d5 3. Nd2 dxe4 4. Nxe4 Bf5 5. Ng3 Bg6 6. h4 h6 7. Nf3 Nd7 8. h5
Bh7 9. Bd3 Bxd3 10. Qxd3 e6 11. Bd2 Ngf6 12. O-O-O Be7 13. Kb1 O-O 14. Ne4 Nxe4
15. Qxe4 Nf6 16. Qe2 Qd5 17. Ne5 Qe4 18. Be3 Nd5 19. Qf1 Nxe3 20. fxe3 Rad8 21.
Qf3 Qxf3 22. gxf3 Bd6 23. Nd3 Rfe8 24. f4 f6 25. e4 e5 26. dxe5 fxe5 27. f5 Be7
28. c3 Bd6 29. Rhg1 Kf8 30. Kc2 Rd7 31. Rg6 Red8 32. Rgg1 b6 33. Rgf1 Kf7 34.
Nf2 Bc7 35. Ng4 Rxd1 36. Rxd1 Rxd1 37. Kxd1 Ke7 38. f6+ gxf6 39. Nxh6 f5 40.
Nxf5+ Kf6 41. h6 Kg6 42. Ke2 Bd8 43. Kf3 Bg5 44. Kg4 c5 45. c4 a6 46. a4 a5 47.
h7 Bf6 48. Ne7+ Kxh7 49. Nd5 1-0

[Event "4NCL Online Division 2"]
[Site "online"]
[Date "2020.09.22"]
[Round "3.83"]
[White "Saidmurodov, Shahjahon"]
[Black "Bennett, John M"]
[Result "1-0"]
[WhiteElo "2147"]
[BlackElo "1995"]
[PlyCount "67"]
[EventDate "2020.09.22"]
[WhiteTeam "CSC 1"]
[BlackTeam "Streatham A"]

1. e4 d6 2. d4 g6 3. Nc3 Bg7 4. Bc4 Nf6 5. Qe2 Nc6 6. e5 Nd7 7. Nf3 Nb6 8. Bb3
O-O 9. Bg5 Bg4 10. O-O-O a5 11. a3 Bxf3 12. gxf3 dxe5 13. dxe5 Nd4 14. Qe4
Nxb3+ 15. cxb3 Qc8 16. h4 Qe6 17. Rde1 Qxb3 18. h5 Nc4 19. Re2 Bxe5 20. Qc2
Qxc2+ 21. Kxc2 f6 22. Bh6 Rfd8 23. Bc1 c6 24. b3 Nb6 25. Ne4 a4 26. f4 axb3+
27. Kxb3 Bc7 28. Nc5 Nd5 29. Ne6 Rd7 30. hxg6 hxg6 31. Rh6 Kf7 32. Rh7+ Kg8 33.
Rg7+ Kh8 34. Re1 1-0

[Event "4NCL Online Division 2"]
[Site "online"]
[Date "2020.09.22"]
[Round "3.84"]
[White "Smith, Martin G"]
[Black "Hasson, Peter"]
[Result "0-1"]
[WhiteElo "1960"]
[BlackElo "2072"]
[PlyCount "58"]
[EventDate "2020.09.22"]
[WhiteTeam "Streatham A"]
[BlackTeam "CSC 1"]

1. d4 d5 2. Nf3 Nc6 3. c4 Bg4 4. Nc3 e6 5. Bf4 Bb4 6. e3 Nf6 7. Rc1 O-O 8. Be2
Ne4 9. O-O Bxc3 10. bxc3 Na5 11. cxd5 exd5 12. Nd2 Bxe2 13. Qxe2 Nxd2 14. Qxd2
Nc4 15. Qe2 Re8 16. Rfe1 Re6 17. Rb1 b6 18. Qd3 Qe7 19. Re2 Re8 20. Rbe1 b5 21.
h3 c6 22. Kh2 h5 23. Qf5 g6 24. Qd3 g5 25. Bg3 h4 26. Be5 f6 27. g3 fxe5 28.
dxe5 Nxe5 29. Qf5 Rf8 0-1

[Event "4NCL Online Division 2"]
[Site "online"]
[Date "2020.09.22"]
[Round "3.91"]
[White "Walker, Max"]
[Black "Kallitsis, Nikolaos"]
[Result "1-0"]
[WhiteElo "2080"]
[BlackElo "2034"]
[PlyCount "61"]
[EventDate "2020.09.22"]
[WhiteTeam "The Rook1Es"]
[BlackTeam "CSC 2"]

1. e4 e6 2. d4 d5 3. e5 c5 4. c3 Nc6 5. Nf3 Bd7 6. a3 Nge7 7. b4 cxd4 8. cxd4
Ng6 9. g3 Qb6 10. Bb2 h5 11. h4 Nge7 12. Nc3 a5 13. b5 Na7 14. a4 Nf5 15. Bh3
g6 16. O-O Nc8 17. Bc1 Nce7 18. Bg5 Bg7 19. Rc1 Rc8 20. Qd2 O-O 21. Ne2 Kh7 22.
Qb2 Rxc1 23. Rxc1 Rc8 24. Qa3 Rxc1+ 25. Nxc1 Ng8 26. Nb3 f6 27. Bf4 Be8 28.
Bxf5 exf5 29. Bd2 fxe5 30. Bxa5 Qe6 31. Ng5+ 1-0

[Event "4NCL Online Division 2"]
[Site "online"]
[Date "2020.09.22"]
[Round "3.92"]
[White "McGettigan, Andrew"]
[Black "Gao, Ian"]
[Result "0-1"]
[WhiteElo "2050"]
[BlackElo "1960"]
[PlyCount "44"]
[EventDate "2020.09.22"]
[WhiteTeam "CSC 2"]
[BlackTeam "The Rook1Es"]

1. e4 c5 2. Nf3 g6 3. d4 cxd4 4. Qxd4 Nf6 5. e5 Nc6 6. Qa4 Nd5 7. Bb5 Bg7 8.
O-O O-O 9. Re1 a6 10. Bxc6 dxc6 11. Qh4 f6 12. Bh6 g5 13. Nxg5 fxg5 14. Qxg5
Rf7 15. e6 Bxe6 16. Rxe6 Nf4 17. Re1 Qd6 18. Bxg7 Rxg7 19. Qe5 Rxg2+ 20. Kh1
Qh6 21. Qxf4 Qxf4 22. Kxg2 Rf8 0-1

[Event "4NCL Online Division 2"]
[Site "online"]
[Date "2020.09.22"]
[Round "3.93"]
[White "Saunders, Aron"]
[Black "Garwood, Colin"]
[Result "1-0"]
[WhiteElo "1907"]
[BlackElo "2087"]
[PlyCount "95"]
[EventDate "2020.09.22"]
[WhiteTeam "The Rook1Es"]
[BlackTeam "CSC 2"]

1. e4 e5 2. Nf3 Nc6 3. Bb5 a6 4. Ba4 Nf6 5. O-O Be7 6. Re1 b5 7. Bb3 O-O 8. c3
d6 9. h3 Nb8 10. d4 Nbd7 11. Nbd2 Bb7 12. Bc2 c5 13. Nf1 Qc7 14. Ng3 g6 15. Be3
Rfc8 16. d5 c4 17. Bg5 a5 18. Qd2 Nc5 19. Nxe5 dxe5 20. d6 Qxd6 21. Qxd6 Bxd6
22. Bxf6 Ra6 23. Rad1 Kf8 24. Rd2 Nd7 25. Bg5 f6 26. Red1 Ke7 27. Be3 Nf8 28.
f3 Ne6 29. Bf2 Rd8 30. Nf1 Bc7 31. Ne3 Rxd2 32. Rxd2 Rd6 33. Rxd6 Kxd6 34. b3
cxb3 35. axb3 Nf4 36. Kf1 Ba6 37. h4 a4 38. g3 a3 39. Bb1 b4+ 40. c4 Bb6 41.
gxf4 Bxe3 42. Bxe3 Bxc4+ 43. bxc4 b3 44. Bc1 a2 45. Bxa2 bxa2 46. Bb2 Kc5 47.
fxe5 fxe5 48. Bxe5 1-0

[Event "4NCL Online Division 2"]
[Site "online"]
[Date "2020.09.22"]
[Round "3.94"]
[White "Lawson, Maurice E"]
[Black "Goodhew, Finn"]
[Result "1-0"]
[WhiteElo "1983"]
[BlackElo "1585"]
[PlyCount "54"]
[EventDate "2020.09.22"]
[WhiteTeam "CSC 2"]
[BlackTeam "The Rook1Es"]

1. e4 e6 2. d4 d5 3. Nc3 dxe4 4. Nxe4 Nd7 5. Bd3 Ngf6 6. Nf3 Nxe4 7. Bxe4 Nf6
8. Bd3 b6 9. Qe2 Bb7 10. c3 Bd6 11. Bg5 h6 12. Bh4 Qe7 13. O-O O-O 14. Rfe1 c5
15. dxc5 Bxc5 16. Rad1 Rfd8 17. Ne5 g5 18. Bg3 Nd5 19. Qh5 Kg7 20. Ng4 Rh8 21.
Be5+ f6 22. Qg6+ Kf8 23. Nxf6 Nxf6 24. Bxf6 Qf7 25. Qxf7+ Kxf7 26. Bxh8 Rxh8
27. Bc4 Re8 1-0

[Event "4NCL Online Division 2"]
[Site "online"]
[Date "2020.09.22"]
[Round "3.101"]
[White "Madden, Paul"]
[Black "Chesters, Tim"]
[Result "0-1"]
[WhiteElo "2087"]
[BlackElo "2222"]
[PlyCount "86"]
[EventDate "2020.09.22"]
[WhiteTeam "Ashfield Anonymous A"]
[BlackTeam "Hull & Beverley Romans 1"]

1. e4 c5 2. f4 Nc6 3. Bb5 g6 4. Bxc6 bxc6 5. Nf3 Bg7 6. O-O d6 7. Nc3 Nh6 8. d3
Rb8 9. Qe1 f5 10. e5 O-O 11. h3 Qd7 12. Qf2 Nf7 13. Re1 Qc7 14. Qe2 Nd8 15. b3
Ne6 16. Be3 Bd7 17. Na4 h6 18. Rad1 Be8 19. d4 Bf7 20. c4 cxd4 21. Nxd4 Rfe8
22. Nxe6 Bxe6 23. Bd4 Rbd8 24. Nc3 Qa5 25. Qb2 c5 26. Bf2 g5 27. g3 dxe5 28.
fxe5 Rxd1 29. Nxd1 Rd8 30. Nc3 Rd3 31. Na4 f4 32. Nxc5 Rd2 33. b4 Rxb2 34. bxa5
Bxc4 35. gxf4 gxf4 36. Re4 Bd5 37. Rd4 Rb1+ 38. Be1 Rxe1+ 39. Kf2 Rxe5 40. Rxf4
Bxa2 41. Nd3 Rxa5 42. Re4 Bb1 43. Ke3 Ra3 0-1